00756 2200229 4500001002100000005001500021035002000036007000300056008004100059020001800100020002200118082001100140084001700151100002300168245014800191250002600339260005200365300004100417650002200458650001800480504002800498INLIS00000000000463020260512024540 a0010-0526000044ta260512 g 0 ind  a979-911-056-4 a978-979-911-056-5 a155.25 a155.25 STI r0 aStiya Darmaatmadja1 aRahasia Sukses Bisnis Restoran :bMembangun Bisnis Restoran dengan Menu Engineering /cStiya Darmaatmadja (Penulis); Mahar Mega (Desain Sampul) aCetakan Pertama, 2011 aYogyakarta :bMedia Pressindo (MedPress),c2011 aviii; 188 Hal :bTeks; Tabel ;c23cm 4aPengembangan Diri 4aMotivasi Diri aBibliografi Halaman 186